00765cam a22002291a 4500001001300000003000400013005001700017008004100034010001700075035002000092040004500112042001200157050001600169100003700185245009100222250002800313260007000341300003500411504005600446650001600502999001700518ne 63001689 DLC20260227111749.0910805s1962 ua ab b 000 0 ararc ane 63001689  a(OCoLC)24177505 aPrinceton Univ. Libr.cMWalBdMWalBdDLC apremarc00aHA29b.S2351 aṢafwat, Maḥmūd Muḥammad.10aMarāḥil al-baḥth al-iḥṣāʼī /ctaʼlīf Maḥmūd Muḥammad Ṣafwat. aal-Ṭabʻah al-Ūlá a[al-Qāhirah] :bMaktabat al-Ānjilū al-Miṣrīyah,c[1962] a570 p. :bill., maps ;c24 cm. aIncludes bibliographical references (p. [559]-570.) 0aStatistics. c46200d46200